| 000 | 00872cam a2200277 i 4500 | ||
|---|---|---|---|
| 001 | 33918 | ||
| 003 | BD-RjUL | ||
| 005 | 20211209052059.0 | ||
| 008 | 140512s1975 enka b 001 0 eng | ||
| 020 | _a0715608673 : | ||
| 035 | _a(BD-RjUL)34010 | ||
| 040 |
_aDLC _cDLC _dDLC _dBD-RjUL _beng |
||
| 041 | _aeng | ||
| 082 | 0 | 0 |
_a331.89046 _bROS 1975 |
| 100 | 1 |
_aRoeber, Joe. _9103059 |
|
| 245 | 1 | 0 |
_aSocial change at work : _bthe ICI Weekly staff agreement / _cJoe Roeber. |
| 260 |
_aLondon : _bDuckworth, _c1975. |
||
| 300 |
_axxiv, 342 p. : _bill. ; _c23 cm. |
||
| 500 | _aIncludes index. | ||
| 504 | _aBibliography: p. [334]-336. | ||
| 610 | 2 | 0 |
_aImperial Chemical Industries, ltd. _9103062 |
| 650 | 0 |
_aCollective bargaining _xChemical industry _zGreat Britain _xCase studies. _9103061 |
|
| 942 |
_2ddc _cBK |
||
| 999 |
_c33918 _d33918 |
||